[Event "British Rapidplay Championship 2023"]
[Site "Mercure Bradford, Bankfield Hotel"]
[Date "2023.04.15"]
[Round "4.12"]
[White "Singh, Amrik J"]
[Black "Redmond, Nigel"]
[Result "1-0"]
[TimeControl "All moves in 15 minutes plus 10 second increment per move from move 1"]
[WhiteElo "2000"]
[BlackElo "1656"]

1. e4 {[%clk 00:15:17]} {[%emt 00:00:02]} d6 {[%emt 00:00:38]} 2. f4 {[%clk
00:15:24]} g6 {[%clk 00:14:53]} {[%emt 00:00:02]} 3. c3 {[%clk 00:15:32]}
{[%emt 00:00:03]} Bg7 {[%clk 00:14:56]} {[%emt 00:00:07]} 4. d3 {[%clk
00:15:40]} {[%emt 00:00:02]} Nd7 {[%clk 00:14:48]} {[%emt 00:00:17]} 5. Na3
{[%clk 00:15:48]} {[%emt 00:00:02]} e5 {[%clk 00:14:45]} {[%emt 00:00:13]} 6.
Nf3 {[%clk 00:15:56]} {[%emt 00:00:02]} Ngf6 {[%clk 00:14:18]} {[%emt
00:00:37]} 7. Be2 {[%clk 00:16:04]} {[%emt 00:00:02]} O-O {[%clk 00:14:06]}
{[%emt 00:00:22]} 8. O-O {[%clk 00:16:12]} {[%emt 00:00:02]} c6 {[%clk
00:14:09]} {[%emt 00:00:07]} 9. Nc4 {[%clk 00:16:14]} {[%emt 00:00:08]} Qc7
{[%clk 00:14:02]} {[%emt 00:00:16]} 10. fxe5 {[%clk 00:15:54]} {[%emt
00:00:31]} Nxe5 {[%clk 00:13:02]} {[%emt 00:01:10]} 11. Nfxe5 {[%clk 00:15:24]}
{[%emt 00:00:40]} dxe5 {[%clk 00:12:56]} {[%emt 00:00:17]} 12. Bg5 {[%clk
00:15:26]} {[%emt 00:00:07]} Qe7 {[%clk 00:11:36]} {[%emt 00:01:29]} 13. Qe1
{[%clk 00:13:55]} {[%emt 00:01:42]} b5 {[%clk 00:11:24]} {[%emt 00:00:22]} 14.
Ne3 {[%clk 00:13:23]} {[%emt 00:00:42]} Qd6 {[%clk 00:10:56]} {[%emt 00:00:38]}
15. Rd1 {[%clk 00:13:09]} {[%emt 00:00:24]} Nd7 {[%clk 00:09:10]} {[%emt
00:01:56]} 16. Qh4 {[%clk 00:12:59]} {[%emt 00:00:21]} f6 {[%clk 00:08:39]}
{[%emt 00:00:41]} 17. Bh6 {[%clk 00:13:07]} {[%emt 00:00:01]} Qe7 {[%clk
00:07:09]} {[%emt 00:01:40]} 18. Ng4 {[%clk 00:12:10]} {[%emt 00:01:06]} Bxh6
{[%clk 00:06:38]} {[%emt 00:00:42]} 19. Nxh6+ {[%clk 00:12:06]} {[%emt
00:00:15]} Kh8 {[%clk 00:06:17]} {[%emt 00:00:30]} 20. Ng4 {[%clk 00:11:38]}
{[%emt 00:00:37]} Qg7 {[%clk 00:05:32]} {[%emt 00:00:55]} 21. Rf3 {[%clk
00:11:08]} {[%emt 00:00:41]} h5 {[%clk 00:03:23]} {[%emt 00:02:19]} 22. Rdf1
{[%clk 00:10:54]} {[%emt 00:00:24]} f5 {[%clk 00:03:06]} {[%emt 00:00:27]} 23.
exf5 {[%clk 00:10:45]} {[%emt 00:00:20]} Nf6 {[%clk 00:02:31]} {[%emt
00:00:44]} 24. Nxf6 {[%clk 00:09:13]} {[%emt 00:01:42]} Rxf6 {[%clk 00:02:14]}
{[%emt 00:00:26]} 25. fxg6 {[%clk 00:09:09]} {[%emt 00:00:15]} Rxf3 {[%clk
00:00:51]} {[%emt 00:01:34]} 26. Rxf3 {[%clk 00:09:15]} {[%emt 00:00:02]} Be6
{[%clk 00:00:42]} {[%emt 00:00:20]} 27. Rf6 {[%clk 00:06:59]} {[%emt 00:02:24]}
Bd5 {[%clk 00:00:36]} {[%emt 00:00:18]} 28. c4 {[%clk 00:06:26]} {[%emt
00:00:44]} bxc4 {[%clk 00:00:31]} {[%emt 00:00:14]} 29. dxc4 {[%clk 00:06:34]}
{[%emt 00:00:02]} Bg8 {[%clk 00:00:29]} {[%emt 00:00:11]} 30. Qxh5+ {[%clk
00:06:41]} {[%emt 00:00:04]} 1-0

[Event "British Rapidplay Championship 2023"]
[Site "Mercure Bradford, Bankfield Hotel"]
[Date "2023.04.15"]
[Round "4.13"]
[White "Mata, Andrew B"]
[Black "Mitchell, Ian"]
[Result "1-0"]
[TimeControl "All moves in 15 minutes plus 10 second increment per move from move 1"]
[WhiteElo "1912"]
[BlackElo "1628"]

1. d4 {[%clk 00:15:17]} {[%emt 00:00:03]} Nf6 {[%clk 00:15:16]} {[%emt
00:00:05]} 2. c4 {[%clk 00:15:21]} {[%emt 00:00:06]} g6 {[%clk 00:14:51]}
{[%emt 00:00:35]} 3. Nc3 {[%clk 00:15:27]} {[%emt 00:00:04]} Bg7 {[%clk
00:14:54]} {[%emt 00:00:06]} 4. g3 {[%clk 00:15:28]} {[%emt 00:00:09]} c6
{[%clk 00:14:51]} {[%emt 00:00:14]} 5. Bg2 {[%clk 00:15:31]} {[%emt 00:00:06]}
O-O {[%clk 00:14:57]} {[%emt 00:00:05]} 6. Nf3 {[%clk 00:15:28]} {[%emt
00:00:12]} e6 {[%clk 00:14:41]} {[%emt 00:00:26]} 7. e4 {[%clk 00:14:24]}
{[%emt 00:01:15]} d5 {[%clk 00:13:48]} {[%emt 00:01:03]} 8. cxd5 {[%clk
00:13:21]} {[%emt 00:01:13]} cxd5 {[%clk 00:13:27]} {[%emt 00:00:30]} 9. e5
{[%clk 00:12:55]} {[%emt 00:00:37]} Ne8 {[%clk 00:12:58]} {[%emt 00:00:38]} 10.
O-O {[%clk 00:12:34]} {[%emt 00:00:32]} f5 {[%clk 00:12:27]} {[%emt 00:00:41]}
11. b4 {[%clk 00:10:18]} {[%emt 00:02:26]} a6 {[%clk 00:11:50]} {[%emt
00:00:47]} 12. Na4 {[%clk 00:09:44]} {[%emt 00:00:42]} Bd7 {[%clk 00:11:06]}
{[%emt 00:00:56]} 13. Nc5 {[%clk 00:09:27]} {[%emt 00:00:27]} Qb6 {[%clk
00:10:14]} {[%emt 00:01:02]} 14. Bd2 {[%clk 00:08:56]} {[%emt 00:00:41]} Bb5
{[%clk 00:10:07]} {[%emt 00:00:16]} 15. Re1 {[%clk 00:08:54]} {[%emt 00:00:13]}
Nd7 {[%clk 00:09:33]} {[%emt 00:00:44]} 16. a4 {[%clk 00:08:44]} {[%emt
00:00:20]} Bc6 {[%clk 00:09:36]} {[%emt 00:00:06]} 17. Nd3 {[%clk 00:07:58]}
{[%emt 00:00:57]} Qd8 {[%clk 00:08:53]} {[%emt 00:00:51]} 18. Qb3 {[%clk
00:07:34]} {[%emt 00:00:36]} b5 {[%clk 00:08:19]} {[%emt 00:00:44]} 19. a5
{[%clk 00:07:24]} {[%emt 00:00:20]} Bb7 {[%clk 00:07:59]} {[%emt 00:00:28]} 20.
Rac1 {[%clk 00:07:12]} {[%emt 00:00:24]} Rc8 {[%clk 00:07:58]} {[%emt
00:00:10]} 21. Rxc8 {[%clk 00:07:01]} {[%emt 00:00:21]} Qxc8 {[%clk 00:07:49]}
{[%emt 00:00:19]} 22. Rc1 {[%clk 00:07:10]} {[%emt 00:00:02]} Qb8 {[%clk
00:07:41]} {[%emt 00:00:12]} 23. Nf4 {[%clk 00:05:57]} {[%emt 00:01:29]} Bh6
{[%clk 00:07:23]} {[%emt 00:00:27]} 24. Nxe6 {[%clk 00:05:51]} {[%emt
00:00:17]} Bxd2 {[%clk 00:07:26]} {[%emt 00:00:06]} 25. Nxd2 {[%clk 00:05:58]}
{[%emt 00:00:04]} Rf7 {[%clk 00:07:19]} {[%emt 00:00:17]} 26. Bxd5 {[%clk
00:05:53]} {[%emt 00:00:15]} Bxd5 {[%clk 00:07:00]} {[%emt 00:00:30]} 27. Qxd5
{[%clk 00:05:55]} {[%emt 00:00:07]} Kh8 {[%clk 00:06:31]} {[%emt 00:00:39]} 28.
Nc5 {[%clk 00:05:41]} {[%emt 00:00:23]} 1-0

[Event "British Rapidplay Championship 2023"]
[Site "Mercure Bradford, Bankfield Hotel"]
[Date "2023.04.15"]
[Round "4.15"]
[White "Kairat, Alexander"]
[Black "Holi, Siefaldin A"]
[Result "1-0"]
[TimeControl "All moves in 15 minutes plus 10 second increment per move from move 1"]
[WhiteElo "1618"]
[BlackElo "1644"]

1. e4 {[%clk 00:15:19]} {[%emt 00:35:58]} c5 {[%clk 00:15:03]} {[%emt
00:00:19]} 2. Nf3 {[%clk 00:15:27]} {[%emt 00:00:01]} Nc6 {[%clk 00:15:05]}
{[%emt 00:00:08]} 3. d4 {[%clk 00:15:36]} {[%emt 00:00:02]} cxd4 {[%clk
00:15:11]} {[%emt 00:00:03]} 4. Nxd4 {[%clk 00:15:42]} {[%emt 00:00:03]} Nf6
{[%clk 00:15:03]} {[%emt 00:00:19]} 5. Nc3 {[%clk 00:15:49]} {[%emt 00:00:03]}
e5 {[%clk 00:15:07]} {[%emt 00:00:05]} 6. Ndb5 {[%clk 00:15:48]} {[%emt
00:00:12]} d6 {[%clk 00:14:53]} {[%emt 00:00:23]} 7. Bg5 {[%clk 00:15:52]}
{[%emt 00:00:07]} a6 {[%clk 00:14:45]} {[%emt 00:00:18]} 8. Bxf6 {[%clk
00:15:46]} {[%emt 00:00:16]} gxf6 {[%clk 00:14:52]} {[%emt 00:00:04]} 9. Na3
{[%clk 00:15:52]} {[%emt 00:00:04]} b5 {[%clk 00:14:30]} {[%emt 00:00:32]} 10.
Nd5 {[%clk 00:16:00]} {[%emt 00:00:02]} Be6 {[%clk 00:13:58]} {[%emt 00:00:41]}
11. c3 {[%clk 00:16:05]} {[%emt 00:00:06]} Bg7 {[%clk 00:12:37]} {[%emt
00:01:29]} 12. Nc2 {[%clk 00:16:06]} {[%emt 00:00:10]} Bxd5 {[%clk 00:11:21]}
{[%emt 00:01:27]} 13. exd5 {[%clk 00:16:10]} {[%emt 00:00:06]} Ne7 {[%clk
00:11:24]} {[%emt 00:00:07]} 14. Ne3 {[%clk 00:16:15]} {[%emt 00:00:04]} Qb6
{[%clk 00:11:19]} {[%emt 00:00:13]} 15. Bd3 {[%clk 00:15:55]} {[%emt 00:00:32]}
h5 {[%clk 00:11:06]} {[%emt 00:00:23]} 16. Nf5 {[%clk 00:15:05]} {[%emt
00:01:00]} Nxf5 {[%clk 00:10:46]} {[%emt 00:00:29]} 17. Bxf5 {[%clk 00:15:14]}
{[%emt 00:00:02]} Ke7 {[%clk 00:10:21]} {[%emt 00:00:34]} 18. Qc2 {[%clk
00:15:16]} {[%emt 00:00:09]} Rhg8 {[%clk 00:10:14]} {[%emt 00:00:16]} 19. O-O-O
{[%clk 00:15:05]} {[%emt 00:00:22]} a5 {[%clk 00:09:58]} {[%emt 00:00:25]} 20.
Kb1 {[%clk 00:14:51]} {[%emt 00:00:26]} Qc5 {[%clk 00:09:50]} {[%emt 00:00:17]}
21. a3 {[%clk 00:13:44]} {[%emt 00:01:18]} Bh6 {[%clk 00:09:40]} {[%emt
00:00:18]} 22. g3 {[%clk 00:13:40]} {[%emt 00:00:14]} Rg5 {[%clk 00:09:40]}
{[%emt 00:00:11]} 23. f4 {[%clk 00:13:29]} {[%emt 00:00:22]} Rgg8 {[%clk
00:08:53]} {[%emt 00:00:54]} 24. Rde1 {[%clk 00:13:20]} {[%emt 00:00:20]} Rgc8
{[%clk 00:08:03]} {[%emt 00:01:00]} 25. Bxc8 {[%clk 00:12:53]} {[%emt
00:00:38]} Rxc8 {[%clk 00:08:12]} {[%emt 00:00:02]} 26. fxe5 {[%clk 00:12:45]}
{[%emt 00:00:17]} dxe5 {[%clk 00:06:35]} {[%emt 00:01:48]} 27. d6+ {[%clk
00:12:42]} {[%emt 00:00:13]} Qxd6 {[%clk 00:05:13]} {[%emt 00:01:31]} 28. Rd1
{[%clk 00:12:40]} {[%emt 00:00:11]} Qe6 {[%clk 00:05:07]} {[%emt 00:00:16]} 29.
Qe4 {[%clk 00:12:07]} {[%emt 00:00:43]} Qc6 {[%clk 00:04:02]} {[%emt 00:01:15]}
30. Qxc6 {[%clk 00:11:03]} {[%emt 00:01:15]} Rxc6 {[%clk 00:04:11]} {[%emt
00:00:02]} 31. Rd5 {[%clk 00:11:12]} {[%emt 00:00:02]} Rb6 {[%clk 00:03:59]}
{[%emt 00:00:21]} 32. Rhd1 {[%clk 00:11:13]} {[%emt 00:00:08]} e4 {[%clk
00:03:36]} {[%emt 00:00:33]} 33. Rxh5 {[%clk 00:11:09]} {[%emt 00:00:15]} Bg7
{[%clk 00:03:20]} {[%emt 00:00:23]} 34. Re1 {[%clk 00:11:15]} {[%emt 00:00:07]}
b4 {[%clk 00:03:20]} {[%emt 00:00:10]} 35. axb4 {[%clk 00:11:20]} {[%emt
00:00:06]} axb4 {[%clk 00:02:59]} {[%emt 00:00:31]} 36. Rxe4+ {[%clk 00:11:28]}
{[%emt 00:00:01]} Kd6 {[%clk 00:03:05]} {[%emt 00:00:04]} 37. Rxb4 {[%clk
00:11:33]} {[%emt 00:00:04]} Rc6 {[%clk 00:02:55]} {[%emt 00:00:20]} 38. Rh7
{[%clk 00:11:31]} {[%emt 00:00:13]} Bf8 {[%clk 00:02:44]} {[%emt 00:00:21]} 39.
Rxf7 {[%clk 00:11:38]} {[%emt 00:00:03]} Be7 {[%clk 00:02:51]} {[%emt
00:00:03]} 40. Rb7 {[%clk 00:11:47]} {[%emt 00:00:01]} Bd8 {[%clk 00:02:39]}
{[%emt 00:00:22]} 41. Rbd7+ {[%clk 00:11:54]} {[%emt 00:00:03]} Ke6 {[%clk
00:02:46]} {[%emt 00:00:03]} 42. h4 {[%clk 00:11:35]} {[%emt 00:00:30]} Bb6
{[%clk 00:02:43]} {[%emt 00:00:11]} 43. g4 {[%clk 00:11:38]} {[%emt 00:00:08]}
Bf2 {[%clk 00:02:50]} {[%emt 00:00:03]} 44. Rfe7# {[%clk 00:11:34]} {[%emt
00:00:03]} 1-0

[Event "British Rapidplay Championship 2023"]
[Site "Mercure Bradford, Bankfield Hotel"]
[Date "2023.04.15"]
[Round "4.16"]
[White "Winter, Kevin"]
[Black "Day, Paul G"]
[Result "0-1"]
[TimeControl "All moves in 15 minutes plus 10 second increment per move from move 1"]
[WhiteElo "1713"]
[BlackElo "1627"]

1. e4 {[%clk 00:15:19]} e5 {[%clk 00:15:16]} {[%emt 00:00:05]} 2. Nf3 {[%clk
00:15:12]} {[%emt 00:00:17]} Nc6 {[%clk 00:15:23]} {[%emt 00:00:03]} 3. Bc4
{[%clk 00:15:20]} {[%emt 00:00:02]} Nf6 {[%clk 00:15:31]} {[%emt 00:00:02]} 4.
d3 {[%clk 00:15:28]} {[%emt 00:00:02]} Bc5 {[%clk 00:15:30]} {[%emt 00:00:11]}
5. c3 {[%clk 00:15:32]} {[%emt 00:00:06]} d6 {[%clk 00:15:36]} {[%emt
00:00:04]} 6. h3 {[%clk 00:15:31]} {[%emt 00:00:10]} Na5 {[%clk 00:15:16]}
{[%emt 00:00:30]} 7. Nbd2 {[%clk 00:15:24]} {[%emt 00:00:18]} Nxc4 {[%clk
00:15:22]} {[%emt 00:00:04]} 8. Nxc4 {[%clk 00:15:31]} {[%emt 00:00:03]} b5
{[%clk 00:15:21]} {[%emt 00:00:11]} 9. Na3 {[%clk 00:14:51]} {[%emt 00:00:49]}
Bxa3 {[%clk 00:15:19]} {[%emt 00:00:12]} 10. bxa3 {[%clk 00:15:00]} {[%emt
00:00:02]} c5 {[%clk 00:15:08]} {[%emt 00:00:21]} 11. Bg5 {[%clk 00:14:33]}
{[%emt 00:00:36]} h6 {[%clk 00:15:09]} {[%emt 00:00:09]} 12. Bc1 {[%clk
00:14:20]} {[%emt 00:00:24]} Be6 {[%clk 00:14:55]} {[%emt 00:00:24]} 13. Qe2
{[%clk 00:13:29]} {[%emt 00:01:00]} a6 {[%clk 00:14:44]} {[%emt 00:00:21]} 14.
O-O {[%clk 00:11:58]} {[%emt 00:01:41]} Nh7 {[%clk 00:14:00]} {[%emt 00:00:54]}
15. Nh2 {[%clk 00:11:54]} {[%emt 00:00:14]} Qf6 {[%clk 00:13:10]} {[%emt
00:01:01]} 16. f4 {[%clk 00:11:45]} {[%emt 00:00:19]} exf4 {[%clk 00:12:56]}
{[%emt 00:00:24]} 17. Bxf4 {[%clk 00:11:51]} {[%emt 00:00:03]} Qxc3 {[%clk
00:11:42]} {[%emt 00:01:24]} 18. Bxd6 {[%clk 00:11:32]} {[%emt 00:00:28]} Qd4+
{[%clk 00:11:49]} {[%emt 00:00:05]} 19. Kh1 {[%clk 00:11:25]} {[%emt 00:00:17]}
Qxd6 {[%clk 00:11:56]} {[%emt 00:00:03]} 20. Rad1 {[%clk 00:11:00]} {[%emt
00:00:34]} O-O {[%clk 00:11:38]} {[%emt 00:00:28]} 21. e5 {[%clk 00:10:59]}
{[%emt 00:00:12]} Qd5 {[%clk 00:11:40]} {[%emt 00:00:09]} 22. Nf3 {[%clk
00:11:03]} {[%emt 00:00:04]} Qxa2 {[%clk 00:11:14]} {[%emt 00:00:36]} 23. Rd2
{[%clk 00:11:02]} {[%emt 00:00:12]} Qxa3 {[%clk 00:11:05]} {[%emt 00:00:19]} 24.
Nh4 {[%clk 00:11:01]} {[%emt 00:00:11]} Rad8 {[%clk 00:10:49]} {[%emt
00:00:25]} 25. Rf3 {[%clk 00:10:59]} {[%emt 00:00:11]} Ng5 {[%clk 00:10:42]}
{[%emt 00:00:19]} 26. Rg3 {[%clk 00:11:06]} {[%emt 00:00:03]} Rd4 {[%clk
00:10:23]} {[%emt 00:00:29]} 27. Nf3 {[%clk 00:11:03]} {[%emt 00:00:12]} Nxf3
{[%clk 00:10:29]} {[%emt 00:00:05]} 28. Qxf3 {[%clk 00:10:47]} {[%emt
00:00:24]} Qc1+ {[%clk 00:09:34]} {[%emt 00:01:07]} 29. Rd1 {[%clk 00:10:55]}
{[%emt 00:00:02]} Qf4 {[%clk 00:09:42]} {[%emt 00:00:02]} 30. Rf1 {[%clk
00:10:21]} {[%emt 00:00:44]} Qxf3 {[%clk 00:09:41]} {[%emt 00:00:10]} 31. Rfxf3
{[%clk 00:10:29]} {[%emt 00:00:03]} b4 {[%clk 00:09:40]} {[%emt 00:00:11]} 32.
Rf6 {[%clk 00:10:37]} {[%emt 00:00:02]} Kh7 {[%clk 00:09:43]} {[%emt 00:00:07]}
33. Rff3 {[%clk 00:10:38]} {[%emt 00:00:08]} b3 {[%clk 00:09:49]} {[%emt
00:00:05]} 34. Rf2 {[%clk 00:10:31]} {[%emt 00:00:16]} a5 {[%clk 00:09:55]}
{[%emt 00:00:05]} 35. Re3 {[%clk 00:10:29]} {[%emt 00:00:12]} a4 {[%clk
00:10:02]} {[%emt 00:00:03]} 36. g4 {[%clk 00:10:33]} {[%emt 00:00:06]} a3
{[%clk 00:10:09]} {[%emt 00:00:03]} 37. g5 {[%clk 00:10:38]} {[%emt 00:00:05]}
b2 {[%clk 00:10:08]} {[%emt 00:00:10]} 38. g6+ {[%clk 00:10:37]} {[%emt
00:00:12]} Kxg6 {[%clk 00:09:57]} 39. Kh2 {[%clk 00:11:51]} {[%emt 00:01:45]}
Kh7 {[%clk 00:09:46]} {[%emt 00:00:07]} 40. Rg3 {[%clk 00:12:00]} g5 {[%clk
00:09:42]} {[%emt 00:00:15]} 41. Rfg2 {[%clk 00:12:04]} Rh4 {[%clk 00:09:46]}
{[%emt 00:00:11]} 0-1

[Event "British Rapidplay Championship 2023"]
[Site "Mercure Bradford, Bankfield Hotel"]
[Date "2023.04.15"]
[Round "4.17"]
[White "Sasikumar, Srivathsan"]
[Black "Wood, Jack"]
[Result "0-1"]
[TimeControl "All moves in 15 minutes plus 10 second increment per move from move 1"]
[WhiteElo "1628"]
[BlackElo "1626"]

1. e4 {[%clk 00:15:18]} {[%emt 00:00:02]} d6 {[%clk 00:15:16]} {[%emt
00:00:04]} 2. d4 {[%clk 00:15:20]} {[%emt 00:00:08]} Nf6 {[%clk 00:15:22]}
{[%emt 00:00:04]} 3. Nc3 {[%clk 00:15:19]} {[%emt 00:00:11]} Nbd7 {[%clk
00:15:27]} {[%emt 00:00:05]} 4. Nf3 {[%clk 00:14:21]} {[%emt 00:01:06]} e5
{[%clk 00:15:24]} {[%emt 00:00:15]} 5. dxe5 {[%clk 00:13:57]} {[%emt 00:00:34]}
dxe5 {[%clk 00:15:30]} {[%emt 00:00:04]} 6. Bc4 {[%clk 00:14:02]} {[%emt
00:00:05]} h6 {[%clk 00:15:30]} {[%emt 00:00:11]} 7. O-O {[%clk 00:14:01]}
{[%emt 00:00:10]} c6 {[%clk 00:15:38]} {[%emt 00:00:02]} 8. a3 {[%clk
00:13:45]} {[%emt 00:00:27]} Be7 {[%clk 00:15:34]} {[%emt 00:00:14]} 9. Be3
{[%clk 00:13:28]} {[%emt 00:00:26]} Qc7 {[%clk 00:15:39]} {[%emt 00:00:06]} 10.
Qe2 {[%clk 00:13:23]} {[%emt 00:00:14]} Nf8 {[%clk 00:15:20]} {[%emt 00:00:30]}
11. Rad1 {[%clk 00:11:23]} {[%emt 00:02:10]} g5 {[%clk 00:15:22]} {[%emt
00:00:07]} 12. h3 {[%clk 00:08:52]} {[%emt 00:02:41]} Ng6 {[%clk 00:15:04]}
{[%emt 00:00:27]} 13. Rd3 {[%clk 00:06:03]} {[%emt 00:02:59]} g4 {[%clk
00:14:46]} {[%emt 00:00:29]} 14. hxg4 {[%clk 00:06:02]} {[%emt 00:00:11]} Bxg4
{[%clk 00:14:53]} {[%emt 00:00:03]} 15. Rfd1 {[%clk 00:04:59]} {[%emt
00:01:13]} Nh5 {[%clk 00:14:40]} {[%emt 00:00:23]} 16. R1d2 {[%clk 00:03:16]}
{[%emt 00:01:54]} Nhf4 {[%clk 00:14:28]} {[%emt 00:00:21]} 17. Bxf4 {[%clk
00:02:53]} {[%emt 00:00:33]} Nxf4 {[%clk 00:14:34]} {[%emt 00:00:03]} 18. Qe3
{[%clk 00:02:56]} {[%emt 00:00:07]} Nxd3 {[%clk 00:14:33]} {[%emt 00:00:11]} 19.
Rxd3 {[%clk 00:02:59]} {[%emt 00:00:07]} b6 {[%clk 00:14:02]} {[%emt 00:00:42]}
20. b4 {[%clk 00:01:54]} {[%emt 00:01:15]} a5 {[%clk 00:13:52]} {[%emt
00:00:20]} 21. b5 {[%clk 00:01:42]} {[%emt 00:00:22]} Bc5 {[%clk 00:13:55]}
{[%emt 00:00:07]} 22. Qd2 {[%clk 00:01:50]} {[%emt 00:00:02]} Bxf3 {[%clk
00:13:17]} {[%emt 00:00:47]} 23. Rxf3 {[%clk 00:01:53]} {[%emt 00:00:07]} Rh7
{[%clk 00:12:49]} {[%emt 00:00:38]} 24. bxc6 {[%clk 00:01:26]} {[%emt
00:00:38]} Rd8 {[%clk 00:12:06]} {[%emt 00:00:53]} 25. Qc1 {[%clk 00:00:44]}
{[%emt 00:00:47]} Kf8 {[%clk 00:10:47]} {[%emt 00:01:34]} 26. Nd5 {[%clk
00:00:14]} {[%emt 00:00:41]} Qxc6 {[%clk 00:10:50]} {[%emt 00:00:06]} 27. Rf6
{[%clk 00:15:10]} {[%emt 00:00:23]} 0-1

[Event "British Rapidplay Championship 2023"]
[Site "Mercure Bradford, Bankfield Hotel"]
[Date "2023.04.15"]
[Round "4.18"]
[White "Barton, Ben"]
[Black "McKay, Jonathan"]
[Result "1-0"]
[TimeControl "All moves in 15 minutes plus 10 second increment per move from move 1"]
[WhiteElo "1577"]
[BlackElo "1796"]

1. e4 {[%clk 00:15:19]} {[%emt 00:00:01]} c6 {[%clk 00:15:19]} 2. Nf3 {[%clk
00:15:25]} {[%emt 00:00:04]} d5 {[%clk 00:15:28]} {[%emt 00:00:01]} 3. e5
{[%clk 00:15:34]} Bf5 {[%clk 00:15:28]} {[%emt 00:00:09]} 4. d4 {[%clk
00:15:36]} {[%emt 00:00:08]} e6 {[%clk 00:15:35]} {[%emt 00:00:03]} 5. c4
{[%clk 00:15:44]} {[%emt 00:00:03]} Bb4+ {[%clk 00:15:29]} {[%emt 00:00:16]} 6.
Nc3 {[%clk 00:15:45]} {[%emt 00:00:10]} Bxc3+ {[%clk 00:15:26]} {[%emt
00:00:12]} 7. bxc3 {[%clk 00:15:48]} {[%emt 00:00:07]} Ne7 {[%clk 00:15:26]}
{[%emt 00:00:11]} 8. cxd5 {[%clk 00:15:37]} {[%emt 00:00:22]} cxd5 {[%clk
00:15:29]} {[%emt 00:00:06]} 9. Ba3 {[%clk 00:13:34]} {[%emt 00:02:12]} Nbc6
{[%clk 00:15:27]} {[%emt 00:00:12]} 10. Bd3 {[%clk 00:13:00]} {[%emt 00:00:44]}
Qa5 {[%clk 00:15:02]} {[%emt 00:00:34]} 11. Bb2 {[%clk 00:12:08]} {[%emt
00:01:03]} Bxd3 {[%clk 00:13:51]} {[%emt 00:01:21]} 12. Qxd3 {[%clk 00:12:12]}
{[%emt 00:00:06]} Qa4 {[%clk 00:13:45]} {[%emt 00:00:15]} 13. O-O {[%clk
00:11:41]} {[%emt 00:00:42]} h6 {[%clk 00:13:04]} {[%emt 00:00:50]} 14. Rfb1
{[%clk 00:11:18]} {[%emt 00:00:34]} Rb8 {[%clk 00:10:53]} {[%emt 00:02:20]} 15.
Bc1 {[%clk 00:11:12]} {[%emt 00:00:17]} b5 {[%clk 00:10:08]} {[%emt 00:00:55]}
16. Rb2 {[%clk 00:10:49]} {[%emt 00:00:32]} Kd7 {[%clk 00:09:23]} {[%emt
00:00:55]} 17. Rab1 {[%clk 00:10:43]} {[%emt 00:00:18]} a6 {[%clk 00:08:38]}
{[%emt 00:00:54]} 18. Nd2 {[%clk 00:09:57]} {[%emt 00:00:55]} Qd1+ {[%clk
00:08:21]} {[%emt 00:00:28]} 19. Qf1 {[%clk 00:10:05]} {[%emt 00:00:02]} Qxf1+
{[%clk 00:08:22]} {[%emt 00:00:09]} 20. Kxf1 {[%clk 00:10:05]} {[%emt
00:00:10]} Na5 {[%clk 00:06:22]} {[%emt 00:02:10]} 21. a4 {[%clk 00:10:03]}
{[%emt 00:00:12]} Kc6 {[%clk 00:06:07]} {[%emt 00:00:23]} 22. axb5+ {[%clk
00:09:18]} {[%emt 00:00:57]} axb5 {[%clk 00:05:54]} {[%emt 00:00:23]} 23. Ra2
{[%clk 00:09:08]} {[%emt 00:00:19]} Ra8 {[%clk 00:05:51]} {[%emt 00:00:13]} 24.
Rba1 {[%clk 00:07:28]} {[%emt 00:01:52]} Kb6 {[%clk 00:05:43]} {[%emt
00:00:17]} 25. Ba3 {[%clk 00:07:18]} {[%emt 00:00:20]} Nec6 {[%clk 00:05:19]}
{[%emt 00:00:34]} 26. Bc5+ {[%clk 00:07:16]} {[%emt 00:00:12]} Kb7 {[%clk
00:03:45]} {[%emt 00:01:42]} 27. g3 {[%clk 00:06:51]} {[%emt 00:00:37]} g6
{[%clk 00:03:06]} {[%emt 00:00:48]} 28. Rb1 {[%clk 00:06:30]} {[%emt 00:00:31]}
Kc7 {[%clk 00:02:27]} {[%emt 00:00:47]} 29. Rxb5 {[%clk 00:06:25]} {[%emt
00:00:18]} Nb3 {[%clk 00:02:09]} {[%emt 00:00:27]} 30. Bd6+ {[%clk 00:06:31]}
{[%emt 00:00:05]} Kd7 {[%clk 00:02:08]} {[%emt 00:00:11]} 31. Rb7+ {[%clk
00:06:39]} {[%emt 00:00:02]} Kc8 {[%clk 00:02:12]} {[%emt 00:00:07]} 32. Rc7+
{[%clk 00:06:36]} {[%emt 00:00:12]} Kb8 {[%clk 00:02:16]} {[%emt 00:00:06]} 1-0